<?xml version="1.0" encoding="UTF-8"?>
<record
    xmlns:xsi="http://www.w3.org/2001/XMLSchema-instance"
    xsi:schemaLocation="http://www.loc.gov/MARC21/slim http://www.loc.gov/standards/marcxml/schema/MARC21slim.xsd"
    xmlns="http://www.loc.gov/MARC21/slim">

  <leader>00230nam a22001097a 4500</leader>
  <datafield tag="040" ind1=" " ind2=" ">
    <subfield code="c">HS</subfield>
  </datafield>
  <datafield tag="082" ind1=" " ind2=" ">
    <subfield code="a">591</subfield>
  </datafield>
  <datafield tag="100" ind1=" " ind2=" ">
    <subfield code="a">TRACY I. STORER</subfield>
  </datafield>
  <datafield tag="245" ind1=" " ind2=" ">
    <subfield code="a">Elements of Zoology</subfield>
  </datafield>
  <datafield tag="260" ind1=" " ind2=" ">
    <subfield code="a">California </subfield>
    <subfield code="b">TRACY I. STORER</subfield>
    <subfield code="c">1995</subfield>
  </datafield>
  <datafield tag="942" ind1=" " ind2=" ">
    <subfield code="c">EK</subfield>
  </datafield>
  <datafield tag="999" ind1=" " ind2=" ">
    <subfield code="c">8442</subfield>
    <subfield code="d">8442</subfield>
  </datafield>
  <datafield tag="952" ind1=" " ind2=" ">
    <subfield code="0">0</subfield>
    <subfield code="1">0</subfield>
    <subfield code="4">0</subfield>
    <subfield code="6">591_000000000000000_TRA_1955_C164</subfield>
    <subfield code="7">0</subfield>
    <subfield code="9">48383</subfield>
    <subfield code="a">LBB</subfield>
    <subfield code="b">LBB</subfield>
    <subfield code="c">C164</subfield>
    <subfield code="d">2016-08-01</subfield>
    <subfield code="o">591 TRA 1955 C164</subfield>
    <subfield code="p">RUA037287</subfield>
    <subfield code="r">2016-08-01</subfield>
    <subfield code="y">EK</subfield>
  </datafield>
  <datafield tag="952" ind1=" " ind2=" ">
    <subfield code="0">0</subfield>
    <subfield code="1">0</subfield>
    <subfield code="4">0</subfield>
    <subfield code="6">591_000000000000000_TRA_1955_C164</subfield>
    <subfield code="7">0</subfield>
    <subfield code="9">48384</subfield>
    <subfield code="a">LBB</subfield>
    <subfield code="b">LBB</subfield>
    <subfield code="c">C164</subfield>
    <subfield code="d">2016-08-01</subfield>
    <subfield code="o">591 TRA 1955 C164</subfield>
    <subfield code="p"> RUA036564</subfield>
    <subfield code="r">2016-08-01</subfield>
    <subfield code="y">EK</subfield>
  </datafield>
  <datafield tag="952" ind1=" " ind2=" ">
    <subfield code="0">0</subfield>
    <subfield code="1">0</subfield>
    <subfield code="4">0</subfield>
    <subfield code="6">591_000000000000000_TRA_1955_C164</subfield>
    <subfield code="7">0</subfield>
    <subfield code="9">48385</subfield>
    <subfield code="a">LBB</subfield>
    <subfield code="b">LBB</subfield>
    <subfield code="c">C164</subfield>
    <subfield code="d">2016-08-01</subfield>
    <subfield code="o">591 TRA 1955 C164</subfield>
    <subfield code="p">RUA034875</subfield>
    <subfield code="r">2016-08-01</subfield>
    <subfield code="y">EK</subfield>
  </datafield>
  <datafield tag="952" ind1=" " ind2=" ">
    <subfield code="0">0</subfield>
    <subfield code="1">0</subfield>
    <subfield code="4">0</subfield>
    <subfield code="6">591_000000000000000_TRA_1955_C164</subfield>
    <subfield code="7">0</subfield>
    <subfield code="9">48386</subfield>
    <subfield code="a">LBB</subfield>
    <subfield code="b">LBB</subfield>
    <subfield code="c">C164</subfield>
    <subfield code="d">2016-08-01</subfield>
    <subfield code="o">591 TRA 1955 C164</subfield>
    <subfield code="p">RUA035025</subfield>
    <subfield code="r">2016-08-01</subfield>
    <subfield code="y">EK</subfield>
  </datafield>
  <datafield tag="952" ind1=" " ind2=" ">
    <subfield code="0">0</subfield>
    <subfield code="1">0</subfield>
    <subfield code="4">0</subfield>
    <subfield code="6">591_000000000000000_TRA_1955_C164</subfield>
    <subfield code="7">0</subfield>
    <subfield code="9">48387</subfield>
    <subfield code="a">LBB</subfield>
    <subfield code="b">LBB</subfield>
    <subfield code="c">C164</subfield>
    <subfield code="d">2016-08-01</subfield>
    <subfield code="o">591 TRA 1955 C164</subfield>
    <subfield code="p">RUA036360</subfield>
    <subfield code="r">2016-08-01</subfield>
    <subfield code="y">EK</subfield>
  </datafield>
  <datafield tag="952" ind1=" " ind2=" ">
    <subfield code="0">0</subfield>
    <subfield code="1">0</subfield>
    <subfield code="4">0</subfield>
    <subfield code="6">591_000000000000000_TRA_1955_C164</subfield>
    <subfield code="7">0</subfield>
    <subfield code="9">48388</subfield>
    <subfield code="a">LBB</subfield>
    <subfield code="b">LBB</subfield>
    <subfield code="c">C164</subfield>
    <subfield code="d">2016-08-01</subfield>
    <subfield code="o">591 TRA 1955 C164</subfield>
    <subfield code="p">RUA036565</subfield>
    <subfield code="r">2016-08-01</subfield>
    <subfield code="y">EK</subfield>
  </datafield>
  <datafield tag="952" ind1=" " ind2=" ">
    <subfield code="0">0</subfield>
    <subfield code="1">0</subfield>
    <subfield code="4">0</subfield>
    <subfield code="6">591_000000000000000_TRA_1955_C164</subfield>
    <subfield code="7">0</subfield>
    <subfield code="9">48389</subfield>
    <subfield code="a">LBB</subfield>
    <subfield code="b">LBB</subfield>
    <subfield code="c">C164</subfield>
    <subfield code="d">2016-08-01</subfield>
    <subfield code="o">591 TRA 1955 C164</subfield>
    <subfield code="p">RUA034995</subfield>
    <subfield code="r">2016-08-01</subfield>
    <subfield code="y">EK</subfield>
  </datafield>
  <datafield tag="952" ind1=" " ind2=" ">
    <subfield code="0">0</subfield>
    <subfield code="1">0</subfield>
    <subfield code="4">0</subfield>
    <subfield code="6">591_000000000000000_TRA_1955_C164</subfield>
    <subfield code="7">0</subfield>
    <subfield code="9">48390</subfield>
    <subfield code="a">LBB</subfield>
    <subfield code="b">LBB</subfield>
    <subfield code="c">C164</subfield>
    <subfield code="d">2016-08-01</subfield>
    <subfield code="o">591 TRA 1955 C164</subfield>
    <subfield code="p">RUA036479</subfield>
    <subfield code="r">2016-08-01</subfield>
    <subfield code="y">EK</subfield>
  </datafield>
  <datafield tag="952" ind1=" " ind2=" ">
    <subfield code="0">0</subfield>
    <subfield code="1">0</subfield>
    <subfield code="4">0</subfield>
    <subfield code="6">591_000000000000000_TRA_1955_C164</subfield>
    <subfield code="7">0</subfield>
    <subfield code="9">48391</subfield>
    <subfield code="a">LBB</subfield>
    <subfield code="b">LBB</subfield>
    <subfield code="c">C164</subfield>
    <subfield code="d">2016-08-01</subfield>
    <subfield code="o">591 TRA 1955 C164</subfield>
    <subfield code="p">RUA036433</subfield>
    <subfield code="r">2016-08-01</subfield>
    <subfield code="y">EK</subfield>
  </datafield>
  <datafield tag="952" ind1=" " ind2=" ">
    <subfield code="0">0</subfield>
    <subfield code="1">0</subfield>
    <subfield code="4">0</subfield>
    <subfield code="6">591_000000000000000_TRA_1955_C164</subfield>
    <subfield code="7">0</subfield>
    <subfield code="9">48392</subfield>
    <subfield code="a">LBB</subfield>
    <subfield code="b">LBB</subfield>
    <subfield code="c">C164</subfield>
    <subfield code="d">2016-08-01</subfield>
    <subfield code="o">591 TRA 1955 C164</subfield>
    <subfield code="p">RUA037445</subfield>
    <subfield code="r">2016-10-13</subfield>
    <subfield code="y">EK</subfield>
  </datafield>
  <datafield tag="952" ind1=" " ind2=" ">
    <subfield code="0">0</subfield>
    <subfield code="1">0</subfield>
    <subfield code="4">0</subfield>
    <subfield code="6">591_000000000000000_TRA_1998_C169</subfield>
    <subfield code="7">0</subfield>
    <subfield code="9">52067</subfield>
    <subfield code="a">LBC</subfield>
    <subfield code="b">LBC</subfield>
    <subfield code="c">C169</subfield>
    <subfield code="d">2016-09-14</subfield>
    <subfield code="o">591 TRA 1998 C169</subfield>
    <subfield code="p">RUA036503</subfield>
    <subfield code="r">2016-09-14</subfield>
    <subfield code="y">EK</subfield>
  </datafield>
</record>
